| 000 | 01073cab a2200217 4500 | ||
|---|---|---|---|
| 001 | ABS68492 | ||
| 008 | 041123n2004 000 0 eng u | ||
| 035 | _a(Sirsi) u128088 | ||
| 100 | _aJohnson, R. | ||
| 245 | 4 | _aThe skills searchers | |
| 260 | _c2004 | ||
| 490 |
_aWastes Management _vNovember 2004, 36-37(2) |
||
| 520 | _aDiscusses an initiative to increase the skills base in the waste management industry. Energy and Utility Skills is the sector skills council for electricity, gas, waste management and water industries. Its remit includes ensuring there is a suitably skilled workforce for the waste industry. The skills council will be undertaking research into existing and future needs of the industry, developing national occupational standards for qualifications, developing skills solutions and sharing best practice. | ||
| 590 | _aABS | ||
| 650 | _aINDUSTRY TRAINING | ||
| 650 | _aWASTE INDUSTRY | ||
| 650 | _aSKILLS SHORTAGE | ||
| 650 | _aVOCATIONAL QUALIFICATIONS | ||
| 690 | _aENVIRONMENTAL AND LAND CONSULTANCY-WASTE MANAGEMENT | ||
| 942 | _n0 | ||
| 999 |
_c74620 _d74620 |
||